[Event "Pan American-ch U18 Girls"]
[Site "Montevideo"]
[Date "2022.06.26"]
[Round "1"]
[White "Borda Rodas, Anapaola S"]
[Black "Ibarra Mayorga, Ximena"]
[Result "1-0"]
[WhiteElo "2168"]
[BlackElo "1686"]
[PlyCount "71"]
[EventDate "2022.06.26"]
[EventType "swiss"]
[EventRounds "9"]
[EventCountry "URU"]
[SourceTitle "EXT 2023"]
[Source "ChessBase"]
[SourceDate "2022.10.05"]
[SourceVersion "1"]
[SourceVersionDate "2022.10.05"]
[SourceQuality "1"]

1. e4 e6 2. d4 d5 3. Nc3 Bb4 4. e5 c5 5. a3 Bxc3+ 6. bxc3 Ne7 7. Nf3 Nbc6 8. Bd3 Qa5 9. Bd2 c4 10. Be2 Bd7 11. 0-0 f6 12. exf6 gxf6 13. Nh4 0-0-0 14. f4 Rhg8 15. f5 e5 16. Bh5 Be8 17. Be2 Kb8 18. Nf3 Qb6 19. Rb1 Qa5 20. dxe5 Nxf5 21. exf6 Qc5+ 22. Rf2 Rg6 23. Bf4+ Ka8 24. Nd4 Ncxd4 25. cxd4 Nxd4 26. Bh5 Rxf6 27. Be3 Bxh5 28. Qxh5 Rg6 29. Qh4 Nf3+ 30. Rxf3 Qc8 31. Qd4 b6 32. Rf7 Rdg8 33. Qxd5+ Rc6 34. Bxb6 axb6 35. Rxb6 Rxg2+ 36. Qxg2 1-0